| 000 | nam a22 7a 4500 | ||
|---|---|---|---|
| 999 |
_c24397 _d24397 |
||
| 008 | 170128b xxu||||| |||| 00| 0 eng d | ||
| 050 | _aN7971 .H8H3713 1991 | ||
| 100 | _aHapak,Jozsef | ||
| 245 |
_aThe habitation of thy house, Lord, I have loved well ... : _breformed ecclesiastical art in Hungary / _cJózsef Hapák; Béla Takács, Dr. |
||
| 260 |
_aBudapest : _bOfficina Nova, _c[1991?] |
||
| 300 |
_a79p. : _bill. ; _c29cm. |
||
| 650 |
_a Christian art and symbolism _xHungary _yModern period, 1500 |
||
| 700 | _aTakacs,Bela | ||
| 942 |
_2lcc _cBOOKS _hN7971 .H8H3713 1991 |
||